000
00279nam a22001097a 4500
008
121031t xxu||||| |||| 00| 0 eng d
020
_a
9988796706
050
_a
HQ799.G55T47
100
_a
Tetteh, M.N.
245
_a
The Ghana young pioneer movement. /
_c
M N Tetteh
942
_2
lcc
_c
BK
999
_c
2469
_d
9969